| 000 | 00337nam a2200121Ia 4500 | ||
|---|---|---|---|
| 008 | 191014s9999 xx 000 0 und d | ||
| 082 |
_a516.57 _bTOD |
||
| 100 |
_aJ. A. Todd, PhD., F.R.S. _920422 |
||
| 245 | 0 | _aProjective and Analytical Geometry | |
| 260 |
_aLondon _bSir Isaac Pitman & Sons Ltd _c1960 |
||
| 300 | _aX,289 | ||
| 942 | _cBK | ||
| 999 |
_c531004 _d531004 |
||